[Event "4MCR_3DW_1L_3S"]
[Site "CR"]
[Date "2011.??.??"]
[Round "?"]
[White "Jirku, Jaroslav"]
[Black "Dojcinovic, Miroslav"]
[Result "1-0"]
[WhiteElo "2321"]
[BlackElo "1792"]
[Annotator "057"]
[PlyCount "85"]
[EventDate "2011.??.??"]
[EventType "corr"]

1. e4 e5 2. Nf3 Nc6 3. Bb5 a6 4. Ba4 Nf6 5. O-O Be7 6. Re1 b5 7. Bb3 d6 8. c3
O-O 9. h3 Bb7 10. d4 Re8 11. Nbd2 Bf8 12. a4 h6 13. Bc2 exd4 14. cxd4 Nb4 15.
Bb1 c5 16. d5 Nd7 17. Ra3 f5 18. Nh2 fxe4 19. Nxe4 Bxd5 20. Ng4 h5 21. Bd2 Bf7
22. Nh6+ gxh6 23. Rg3+ Kh8 24. Bc3+ Ne5 25. Qf3 Bg8 26. Nxd6 Qxd6 27. Qf5 Ra7
28. Rxe5 Rxe5 29. Bxe5+ Qxe5 30. Qxe5+ Bg7 31. Qxc5 h4 32. Rg4 Rd7 33. Qxb4
Rd1+ 34. Kh2 Be5+ 35. f4 Bd4 36. Rxg8+ Kxg8 37. Ba2+ Kh7 38. Qe7+ Bg7 39. Qe8
Bf8 40. Qxf8 h5 41. Bg8+ Kg6 42. Qf7+ Kh6 43. Qf6# 1-0

[Event "4MCR_3DW_1L_3S"]
[Site "CR"]
[Date "2011.??.??"]
[Round "?"]
[White "Schwarz, Jan"]
[Black "Tunega, Frantisek"]
[Result "1-0"]
[WhiteElo "2291"]
[BlackElo "2244"]
[Annotator "058"]
[PlyCount "81"]
[EventDate "2011.??.??"]
[EventType "corr"]

1. e4 c5 2. Nf3 Nc6 3. d4 cxd4 4. Nxd4 Nf6 5. Nc3 e5 6. Ndb5 d6 7. Bg5 a6 8.
Na3 b5 9. Nd5 Be7 10. Bxf6 Bxf6 11. c4 b4 12. Nc2 a5 13. Qf3 Bg5 14. h4 Be7 15.
Rd1 O-O 16. c5 dxc5 17. Nf6+ Bxf6 18. Rxd8 Rxd8 19. Bc4 Nd4 20. Nxd4 Rxd4 21.
Bd5 Ra7 22. O-O Ba6 23. Rc1 c4 24. Rd1 Rd3 25. Rxd3 cxd3 26. Qe3 Rd7 27. Qc5
Rd8 28. g3 d2 29. Qc2 Bc4 30. Qxd2 Bxa2 31. Qd1 Bxd5 32. exd5 g6 33. b3 Be7 34.
Qd3 Kf8 35. Qb5 Bd6 36. Qxa5 Ke7 37. g4 Rc8 38. Kg2 Rd8 39. Qa7+ Kf8 40. h5 Be7
41. Qb7 1-0

[Event "4MCR_3DW_1L_3S"]
[Site "CR"]
[Date "2011.??.??"]
[Round "?"]
[White "Tunega, Frantisek"]
[Black "Schwarz, Jan"]
[Result "1/2-1/2"]
[WhiteElo "2244"]
[BlackElo "2291"]
[Annotator "059"]
[PlyCount "80"]
[EventDate "2011.??.??"]
[EventType "corr"]

1. e4 c5 2. Nf3 b6 3. d4 cxd4 4. Nxd4 Bb7 5. Nc3 a6 6. Be3 e6 7. Bd3 Qc7 8. O-O
Nf6 9. f4 d6 10. Qf3 Nbd7 11. Qg3 h5 12. f5 h4 13. Qh3 e5 14. Nf3 b5 15. a3 Be7
16. Rfe1 Kf8 17. Ng5 Nb6 18. Nf3 d5 19. Bxb6 Qxb6+ 20. Kh1 dxe4 21. Nxe4 Re8
22. Nxf6 Bxf6 23. Be4 Rh6 24. Bxb7 Qxb7 25. Rad1 e4 26. Nd4 b4 27. Qb3 a5 28.
axb4 axb4 29. c3 Be5 30. Qxb4+ Qxb4 31. cxb4 Rd6 32. Ne2 Rxd1 33. Rxd1 Rb8 34.
Rd5 Bxb2 35. b5 Bf6 36. Kg1 e3 37. Kf1 Ra8 38. Rd1 Ra2 39. Rb1 Be5 40. b6 Ke7
1/2-1/2

[Event "4MCR_3DW_1L_3S"]
[Site "CR"]
[Date "2011.??.??"]
[Round "?"]
[White "Tunega, Frantisek"]
[Black "Pecka, Josef"]
[Result "1/2-1/2"]
[WhiteElo "2244"]
[BlackElo "2352"]
[Annotator "060"]
[PlyCount "67"]
[EventDate "2011.??.??"]
[EventType "corr"]

1. e4 e6 2. d4 d5 3. Nc3 Nf6 4. Bg5 Be7 5. e5 Nfd7 6. h4 c5 7. Bxe7 Kxe7 8. f4
Qb6 9. Na4 Qa5+ 10. c3 b6 11. a3 c4 12. b4 cxb3 13. Qxb3 Nc6 14. Nf3 Ba6 15.
Bxa6 Qxa6 16. Nb2 Rac8 17. a4 Rhd8 18. h5 Kf8 19. Qb5 Qb7 20. a5 h6 21. O-O Ne7
22. Nd1 Kg8 23. Nh4 Qc6 24. Qb4 Re8 25. axb6 Qxb6 26. Qa3 Rc7 27. Rf3 f5 28.
Nf2 Nf8 29. Nd3 Ra8 30. Nc5 a5 31. Qa4 Qb8 32. Rf2 Qc8 33. g4 Nd7 34. Nxd7
1/2-1/2

[Event "4MCR_3DW_1L_3S"]
[Site "CR"]
[Date "2011.??.??"]
[Round "?"]
[White "Tunega, Frantisek"]
[Black "Cvak, Rudolf"]
[Result "1/2-1/2"]
[WhiteElo "2244"]
[BlackElo "2057"]
[Annotator "061"]
[PlyCount "122"]
[EventDate "2011.??.??"]
[EventType "corr"]

1. e4 c5 2. Nf3 d6 3. d4 cxd4 4. Nxd4 Nf6 5. Nc3 a6 6. Bg5 e6 7. f4 Qb6 8. Qd2
Qxb2 9. Nb3 Qa3 10. Bxf6 gxf6 11. Be2 h5 12. O-O h4 13. Nd1 Nd7 14. Ne3 Nc5 15.
Nc4 Nxb3 16. axb3 Qc5+ 17. Rf2 b5 18. b4 Qc7 19. Ne3 Qb6 20. c4 Bb7 21. Qd3 h3
22. g3 d5 23. c5 dxe4 24. Qc3 Qc7 25. Qxf6 Rg8 26. Qh4 Bg7 27. f5 Bd4 28. Ra3
Rh8 29. Qg4 O-O-O 30. fxe6 fxe6 31. Qxe6+ Kb8 32. Rf7 Bd5 33. Rxc7 Bxe6 34. Rc6
Bc8 35. Kf2 Bb2 36. Rb3 Bc1 37. Nf1 Rhf8+ 38. Ke1 Rd4 39. Rb6+ Ka7 40. Rg6 Rf7
41. Rd6 Rxd6 42. cxd6 Rf8 43. Nd2 Bxd2+ 44. Kxd2 Rf2 45. Rc3 Kb8 46. Re3 Bf5
47. Ke1 Rxh2 48. g4 Rh1+ 49. Kf2 h2 50. Rh3 Be6 51. Rh7 Kc8 52. g5 Kd8 53. Ke3
Bc4 54. g6 Bxe2 55. Kxe2 Rg1 56. Rxh2 Rxg6 57. Ke3 Kd7 58. Kxe4 Kxd6 59. Rh4
Re6+ 60. Kd4 Kc6 61. Rh1 Rg6 1/2-1/2

[Event "4MCR_3DW_1L_3S"]
[Site "CR"]
[Date "2011.??.??"]
[Round "?"]
[White "Schwarz, Jan"]
[Black "Jirku, Jaroslav"]
[Result "1/2-1/2"]
[WhiteElo "2291"]
[BlackElo "2321"]
[Annotator "062"]
[PlyCount "74"]
[EventDate "2011.??.??"]
[EventType "corr"]

1. d4 d5 2. c4 e6 3. Nf3 Nf6 4. g3 dxc4 5. Bg2 Nc6 6. O-O Rb8 7. Nc3 a6 8. e4
Be7 9. Qe2 b5 10. Rd1 Nb4 11. d5 exd5 12. e5 Ng4 13. h3 Nh6 14. Bxh6 gxh6 15.
Ne1 c6 16. a3 Nd3 17. Nxd3 cxd3 18. Qxd3 Qc7 19. Qe3 Bg5 20. f4 Bd8 21. Kh2 Qe7
22. Rxd5 cxd5 23. Nxd5 Qe6 24. f5 Qxf5 25. Nf6+ Bxf6 26. exf6+ Qe6 27. Bc6+ Kd8
28. Rd1+ Kc7 29. Qa7+ Bb7 30. Bxb7 Rxb7 31. Rc1+ Qc4 32. Qe3 Kb8 33. Rxc4 bxc4
34. Qe5+ Ka8 35. h4 Rc8 36. Kh3 Rcc7 37. h5 Kb8 1/2-1/2

[Event "4MCR_3DW_1L_3S"]
[Site "CR"]
[Date "2011.??.??"]
[Round "?"]
[White "Jirku, Jaroslav"]
[Black "Schwarz, Jan"]
[Result "1/2-1/2"]
[WhiteElo "2321"]
[BlackElo "2291"]
[Annotator "063"]
[PlyCount "76"]
[EventDate "2011.??.??"]
[EventType "corr"]

1. e4 c5 2. Nf3 d6 3. d4 cxd4 4. Nxd4 Nf6 5. Nc3 a6 6. Be3 e5 7. Nb3 Be6 8. Qd2
Nbd7 9. f3 h5 10. a4 Be7 11. Be2 Qc7 12. O-O O-O 13. Rfd1 Rfd8 14. Nd5 Nxd5 15.
exd5 Bf5 16. Bd3 Bxd3 17. Qxd3 Rac8 18. c3 Nb6 19. Nd2 Nc4 20. Nxc4 Qxc4 21. a5
Qxd3 22. Rxd3 g5 23. Ra4 f5 24. h3 Kg7 25. g4 hxg4 26. hxg4 f4 27. Bf2 Rd7 28.
Rd2 Rh8 29. Kg2 Bd8 30. Rd1 Kf7 31. Rh1 Rxh1 32. Kxh1 Ke8 33. Kg2 Rh7 34. Bb6
Kd7 35. Re4 Rh8 36. Rc4 Rh7 37. Rb4 Re7 38. Re4 Re8 1/2-1/2

[Event "4MCR_3DW_1L_3S"]
[Site "CR"]
[Date "2011.??.??"]
[Round "?"]
[White "Jirku, Jaroslav"]
[Black "Cvak, Rudolf"]
[Result "1/2-1/2"]
[WhiteElo "2321"]
[BlackElo "2057"]
[Annotator "064"]
[PlyCount "76"]
[EventDate "2011.??.??"]
[EventType "corr"]

1. e4 c5 2. Nf3 d6 3. d4 cxd4 4. Nxd4 Nf6 5. Nc3 a6 6. Be3 e5 7. Nb3 Be6 8. Qd2
Be7 9. f3 O-O 10. O-O-O Nbd7 11. g4 b5 12. g5 b4 13. Ne2 Ne8 14. f4 a5 15. f5
a4 16. Nbd4 exd4 17. Nxd4 b3 18. Kb1 bxc2+ 19. Nxc2 Bb3 20. axb3 axb3 21. Na3
Ne5 22. h4 Ra4 23. Qg2 Qa8 24. Bd4 Nc7 25. f6 Bd8 26. fxg7 Re8 27. Rh3 Ne6 28.
Bxe5 dxe5 29. Rxb3 Nd4 30. Bb5 Nxb5 31. Nxb5 Bxg5 32. hxg5 Ra1+ 33. Kc2 Rc8+
34. Nc3 Rxc3+ 35. Rxc3 Qa4+ 36. Rb3 Rxd1 37. Kxd1 Qxb3+ 38. Kc1 Qc4+ 1/2-1/2

[Event "4MCR_3DW_1L_3S"]
[Site "CR"]
[Date "2011.??.??"]
[Round "?"]
[White "Cvak, Rudolf"]
[Black "Jirku, Jaroslav"]
[Result "1-0"]
[WhiteElo "2057"]
[BlackElo "2321"]
[Annotator "065"]
[PlyCount "77"]
[EventDate "2011.??.??"]
[EventType "corr"]

1. e4 c5 2. Nf3 d6 3. d4 cxd4 4. Nxd4 Nf6 5. Nc3 a6 6. Be3 e6 7. Be2 Qc7 8. Qd2
b5 9. f3 Nbd7 10. a3 Be7 11. O-O-O O-O 12. g4 Nb6 13. g5 Nfd7 14. f4 Re8 15. h4
Nc5 16. f5 Bb7 17. fxe6 fxe6 18. Bh5 Nc4 19. Qe2 Nxe4 20. Nxe4 Bxe4 21. Nxe6
Qd7 22. Nxg7 Kxg7 23. Bd4+ Kg8 24. Rhf1 Bf5 25. Qg2 Bf8 26. Bf3 Bg7 27. Bc6
Bxd4 28. Rxd4 Qe7 29. Rxc4 bxc4 30. Bxa8 Kg7 31. Bd5 Qe3+ 32. Kb1 c3 33. Bb3
Be6 34. Bxe6 Qxe6 35. Qb7+ Qe7 36. Qxa6 cxb2 37. a4 Kg8 38. Qc4+ Kg7 39. a5 1-0

[Event "4MCR_3DW_1L_3S"]
[Site "CR"]
[Date "2011.??.??"]
[Round "?"]
[White "Cvak, Rudolf"]
[Black "Tunega, Frantisek"]
[Result "0-1"]
[WhiteElo "2057"]
[BlackElo "2244"]
[Annotator "066"]
[PlyCount "142"]
[EventDate "2011.??.??"]
[EventType "corr"]

1. e4 c5 2. Nf3 Nc6 3. d4 cxd4 4. Nxd4 Nf6 5. Nc3 e5 6. Ndb5 d6 7. Bg5 a6 8.
Na3 b5 9. Bxf6 gxf6 10. Nd5 f5 11. Bxb5 axb5 12. Nxb5 Ra4 13. b4 Rxb4 14. Nbc7+
Kd7 15. O-O Rg8 16. Qh5 Qg5 17. Qxf7+ Be7 18. g3 Qg6 19. Qxg6 hxg6 20. Nxb4
Nxb4 21. Nd5 Nxd5 22. exd5 Ba6 23. Rfb1 Rc8 24. Rb6 Bc4 25. Rb7+ Kd8 26. a4
Bxd5 27. Rb5 Bc6 28. Rbb1 Ra8 29. a5 Kc7 30. a6 Ra7 31. h4 Bd7 32. Rb3 e4 33.
Kg2 Bf6 34. c3 Bc8 35. Rba3 Be6 36. Ra4 Kc6 37. Rb4 d5 38. Kh2 Be5 39. Kg2 Bc8
40. Rba4 Bc7 41. R4a3 f4 42. gxf4 Bxf4 43. f3 Bd6 44. Ra4 e3 45. Kf1 Kb6 46.
Ke2 Bc5 47. Rb1+ Kc7 48. Rba1 Bd7 49. Ra5 Kb6 50. Rxc5 Kxc5 51. Kxe3 Kc4 52. f4
Be6 53. Kd2 Kb5 54. Rb1+ Kxa6 55. Ke3 Rh7 56. Rg1 Bf5 57. Rh1 Kb5 58. Kd4 Kc6
59. c4 dxc4 60. Kxc4 Kd6 61. Kd4 Ke6 62. Ke3 Bg4 63. Rc1 Rxh4 64. Rc6+ Kf5 65.
Rc5+ Kf6 66. Rc6+ Kg7 67. Rc7+ Kh6 68. Rc1 Rh3+ 69. Kd4 Bf5 70. Re1 Kh5 71. Ke5
Kg4 0-1

[Event "4MCR_3DW_1L_3S"]
[Site "CR"]
[Date "2011.??.??"]
[Round "?"]
[White "Pecka, Josef"]
[Black "Jirku, Jaroslav"]
[Result "1/2-1/2"]
[WhiteElo "2352"]
[BlackElo "2321"]
[Annotator "067"]
[PlyCount "79"]
[EventDate "2011.??.??"]
[EventType "corr"]

1. e4 e5 2. Nf3 Nc6 3. Bc4 Bc5 4. c3 Nf6 5. b4 Bb6 6. d3 d6 7. a4 a5 8. b5 Ne7
9. O-O O-O 10. Bg5 Ng6 11. Nh4 Nf4 12. Nd2 c6 13. bxc6 bxc6 14. Bxf4 exf4 15.
Nhf3 Re8 16. Qc2 d5 17. exd5 cxd5 18. Bb5 Re7 19. Nb3 Bg4 20. Nbd4 Rc8 21. Ba6
Rcc7 22. Rfe1 Rxe1+ 23. Rxe1 Re7 24. Rb1 Qd6 25. Bb5 g6 26. h3 Bc8 27. Qd1 Bb7
28. Qd2 Bd8 29. Re1 Rxe1+ 30. Qxe1 Bc7 31. Qe2 Kg7 32. Be8 h6 33. Qb2 Bc8 34.
Bb5 Bb6 35. Nc6 Bb7 36. Nce5 Qc7 37. c4 d4 38. Qe2 Qe7 39. Kf1 Qa3 40. Kg1
1/2-1/2

[Event "4MCR_3DW_1L_3S"]
[Site "CR"]
[Date "2011.??.??"]
[Round "?"]
[White "Tunega, Frantisek"]
[Black "Jirku, Jaroslav"]
[Result "1/2-1/2"]
[WhiteElo "2244"]
[BlackElo "2321"]
[Annotator "068"]
[PlyCount "67"]
[EventDate "2011.??.??"]
[EventType "corr"]

1. e4 e5 2. Nf3 Nc6 3. Bb5 a6 4. Ba4 Nf6 5. O-O Be7 6. Re1 b5 7. Bb3 d6 8. c3
O-O 9. h3 Bb7 10. d4 Re8 11. Nbd2 Bf8 12. a4 h6 13. Bc2 exd4 14. cxd4 Nb4 15.
Bb1 c5 16. d5 Nd7 17. Nf1 f5 18. exf5 Nf6 19. Rxe8 Qxe8 20. Nh4 Qe5 21. Ne3
Nbxd5 22. Ng6 Nxe3 23. Bxe3 Qd5 24. Qxd5+ Nxd5 25. Be4 Re8 26. Bxd5+ Bxd5 27.
axb5 axb5 28. Ra6 Rd8 29. Rb6 b4 30. Bf4 Be4 31. Nxf8 Rxf8 32. Bxd6 Rxf5 33. f3
Bb1 34. Rb5 1/2-1/2

[Event "4MCR_3DW_1L_3S"]
[Site "CR"]
[Date "2011.??.??"]
[Round "?"]
[White "Valak, Alois"]
[Black "Pecka, Josef"]
[Result "1/2-1/2"]
[WhiteElo "2421"]
[BlackElo "2352"]
[Annotator "069"]
[PlyCount "88"]
[EventDate "2011.??.??"]
[EventType "corr"]

1. e4 e5 2. Nf3 Nf6 3. d4 Nxe4 4. Bd3 d5 5. Nxe5 Nd7 6. Nxd7 Bxd7 7. O-O Bd6 8.
Qh5 Nf6 9. Re1+ Kf8 10. Qe2 c6 11. Nd2 Qc7 12. Nf3 Re8 13. Qd1 Bg4 14. Rxe8+
Kxe8 15. h3 Bh5 16. Bg5 Kd8 17. b3 Kc8 18. Bxf6 gxf6 19. c4 Qa5 20. c5 Bc7 21.
Bf5+ Kd8 22. Qd3 Bg6 23. Bxg6 hxg6 24. Qe3 Kd7 25. Re1 Bd8 26. Re2 Kc8 27. a4
Qb4 28. Qd3 Kd7 29. h4 b6 30. cxb6 axb6 31. Qc2 Be7 32. g3 Bd6 33. Kg2 b5 34.
Re1 bxa4 35. bxa4 Ra8 36. h5 Qxa4 37. Qc1 Re8 38. Rxe8 Kxe8 39. Qe3+ Kd7 40. h6
Qa8 41. h7 Qh8 42. Qh6 Bf8 43. Qh1 Bg7 44. Nd2 Qe8 1/2-1/2

[Event "4MCR_3DW_1L_3S"]
[Site "CR"]
[Date "2011.??.??"]
[Round "?"]
[White "Sykora, Josef"]
[Black "Jirku, Jaroslav"]
[Result "1-0"]
[WhiteElo "2299"]
[BlackElo "2321"]
[Annotator "070"]
[PlyCount "79"]
[EventDate "2011.??.??"]
[EventType "corr"]

1. c4 c5 2. Nf3 Nf6 3. Nc3 e6 4. g3 b6 5. Bg2 Bb7 6. O-O Be7 7. Re1 d6 8. e4 a6
9. d4 cxd4 10. Nxd4 Qc7 11. Be3 Nbd7 12. f4 Rc8 13. Rc1 O-O 14. g4 Nc5 15. Bf2
g6 16. f5 gxf5 17. gxf5 e5 18. Nd5 Nxd5 19. cxd5 Kh8 20. b4 exd4 21. Bxd4+ f6
22. bxc5 bxc5 23. Bc3 Rg8 24. Rb1 Rg7 25. Kh1 Qd7 26. Qh5 Rcg8 27. Bf3 Bc8 28.
Bd2 Bf8 29. Qh4 Qd8 30. Bh5 Bd7 31. Bh6 Rg2 32. Bxf8 Qxf8 33. Bg6 R2xg6 34.
fxg6 Rxg6 35. Rg1 Kg8 36. Rb6 Qe7 37. Qf4 c4 38. Rxa6 c3 39. Ra8+ Kf7 40. Ra7
1-0

[Event "4MCR_3DW_1L_3S"]
[Site "CR"]
[Date "2011.??.??"]
[Round "?"]
[White "Tunega, Frantisek"]
[Black "Dojcinovic, Miroslav"]
[Result "1-0"]
[WhiteElo "2244"]
[BlackElo "1792"]
[Annotator "071 - PCL"]
[PlyCount "97"]
[EventDate "2011.??.??"]
[EventType "corr"]

1. e4 e5 2. Nf3 Nc6 3. Bb5 a6 4. Ba4 d6 5. c3 Bd7 6. d4 g6 7. O-O Bg7 8. Re1
Nge7 9. Be3 O-O 10. Nbd2 Qe8 11. Bb3 Na5 12. Bc2 exd4 13. cxd4 Nac6 14. Rc1 Qb8
15. a3 d5 16. Bb3 Be6 17. Ng5 Qc8 18. Ndf3 dxe4 19. Nxe6 fxe6 20. Ng5 Nd5 21.
Nxe4 a5 22. h4 Rf5 23. Nc5 Kh8 24. Qg4 b6 25. Nd3 Nxe3 26. fxe3 Nd8 27. Nf4 Qd7
28. Bc2 c6 29. Bxf5 exf5 30. Qf3 Rc8 31. b4 axb4 32. axb4 Bf8 33. b5 Bd6 34.
bxc6 Nxc6 35. Qd5 Rc7 36. Qe6 Qe7 37. h5 g5 38. Qxe7 Nxe7 39. Rxc7 Bxc7 40. Ne6
Bg3 41. Ra1 h6 42. Ra8+ Kh7 43. Ra7 Bd6 44. Rd7 Ba3 45. d5 Kg8 46. d6 Nc6 47.
Rg7+ Kh8 48. Rc7 Ne5 49. d7 1-0

[Event "4MCR_3DW_1L_3S"]
[Site "CR"]
[Date "2011.??.??"]
[Round "?"]
[White "Dojcinovic, Miroslav"]
[Black "Jirku, Jaroslav"]
[Result "0-1"]
[WhiteElo "1792"]
[BlackElo "2321"]
[Annotator "072 - PCL"]
[PlyCount "82"]
[EventDate "2011.??.??"]
[EventType "corr"]

1. e4 c5 2. Nf3 d6 3. d4 cxd4 4. Nxd4 Nf6 5. Nc3 a6 6. Bg5 e6 7. f4 Qb6 8. Qd2
Qxb2 9. Rb1 Qa3 10. f5 Nc6 11. fxe6 fxe6 12. Nxc6 bxc6 13. e5 dxe5 14. Bxf6
gxf6 15. Ne4 Be7 16. Be2 h5 17. Rb3 Qa4 18. c4 f5 19. Nd6+ Bxd6 20. Qxd6 Qa5+
21. Kf2 Ra7 22. c5 Qc7 23. Rd1 Kf7 24. Qd2 Qe7 25. Qc3 Qh4+ 26. Kg1 Qf6 27. Rd6
e4 28. Qe1 Qe5 29. Qc1 Kf6 30. Rxc6 Bb7 31. Rcb6 Bd5 32. Rh3 Rg7 33. c6 Rhg8
34. Bf1 e3 35. Rb2 Bxg2 36. Rxg2 Rxg2+ 37. Bxg2 e2 38. Re3 Qd4 39. Kf2 f4 40.
Bf3 fxe3+ 41. Kxe2 Rb8 0-1

[Event "4MCR_3DW_1L_3S"]
[Site "CR"]
[Date "2011.??.??"]
[Round "?"]
[White "Valak, Alois"]
[Black "Tunega, Frantisek"]
[Result "1/2-1/2"]
[WhiteElo "2421"]
[BlackElo "2244"]
[Annotator "073"]
[PlyCount "87"]
[EventDate "2011.??.??"]
[EventType "corr"]

1. e4 c5 2. Nf3 Nc6 3. d4 cxd4 4. Nxd4 Nf6 5. Nc3 e5 6. Ndb5 d6 7. Bg5 a6 8.
Na3 b5 9. Bxf6 gxf6 10. Nd5 f5 11. Bd3 Be6 12. O-O Bxd5 13. exd5 Ne7 14. Nxb5
Bg7 15. Nc3 e4 16. Bc4 Ng6 17. Qd2 O-O 18. Kh1 Qh4 19. g3 Qh3 20. Rg1 Ne5 21.
Be2 Bh6 22. Qd1 Bg7 23. Na4 Rab8 24. c3 Rfe8 25. b3 Qh6 26. Qc1 Qf6 27. Bxa6
Ng4 28. Rg2 e3 29. f4 Nf2+ 30. Kg1 Qe7 31. Qc2 Qa7 32. Qe2 Bf6 33. Rc1 Kg7 34.
Kf1 h5 35. Bd3 Qa5 36. c4 Qd2 37. Rc2 Qxd3 38. Rxf2 Qe4 39. Rf3 h4 40. gxh4 Ra8
41. c5 Bd4 42. a3 Rxa4 43. bxa4 dxc5 44. d6 1/2-1/2

[Event "4MCR_3DW_1L_3S"]
[Site "CR"]
[Date "2011.??.??"]
[Round "?"]
[White "Dojcinovic, Miroslav"]
[Black "Valak, Alois"]
[Result "0-1"]
[WhiteElo "1792"]
[BlackElo "2421"]
[Annotator "074"]
[PlyCount "108"]
[EventDate "2011.??.??"]
[EventType "corr"]

1. d4 d5 2. c4 e6 3. Nf3 c6 4. e3 Nf6 5. Nc3 Nbd7 6. Bd3 dxc4 7. Bxc4 b5 8. Bd3
a6 9. e4 c5 10. e5 cxd4 11. Nxb5 axb5 12. exf6 gxf6 13. O-O Qb6 14. Qe2 Bb7 15.
Bxb5 Rg8 16. a4 e5 17. g3 Kd8 18. Nh4 Qe6 19. Qh5 Bc5 20. b4 Bxb4 21. Qxh7 Re8
22. Rd1 Qd5 23. f3 Ba6 24. Rb1 Bxb5 25. axb5 Bc5 26. Qd3 e4 27. fxe4 Rxe4 28.
Ng2 Ra2 29. Rb2 Rxb2 30. Bxb2 Ne5 31. Qf1 Kc7 32. h3 Qb3 33. Rc1 Qxg3 34. Rxc5+
Kb8 35. Rxe5 fxe5 36. b6 d3 37. Bc3 Re2 38. h4 f5 39. h5 f4 40. Bxe5+ Rxe5 41.
Qa1 Re1+ 42. Qxe1 Qxe1+ 43. Nxe1 d2 44. Kf2 d1=Q 45. Ng2 Qg4 46. h6 Qg3+ 47.
Kf1 Qh3 48. Kf2 Qxh6 49. Kf3 Qh3+ 50. Kf2 Qg3+ 51. Kf1 f3 52. Ne3 Kb7 53. Nd5
Qg2+ 54. Ke1 Qe2# 0-1

[Event "4MCR_3DW_1L_3S"]
[Site "CR"]
[Date "2011.??.??"]
[Round "?"]
[White "Vanek, Vladimir"]
[Black "Dojcinovic, Miroslav"]
[Result "1-0"]
[WhiteElo "1918"]
[BlackElo "1792"]
[Annotator "075"]
[PlyCount "131"]
[EventDate "2011.??.??"]
[EventType "corr"]

1. e4 e5 2. Nf3 Nc6 3. Bb5 a6 4. Ba4 Nf6 5. O-O b5 6. Bb3 Bc5 7. c3 d6 8. a4
Bb7 9. d3 h6 10. Bd2 O-O 11. Na3 b4 12. Nc4 bxc3 13. bxc3 Ba7 14. Rb1 Rb8 15.
h3 a5 16. Ne3 Ba6 17. Qc2 Qd7 18. Rfe1 Rfe8 19. Nd5 Nxd5 20. exd5 Ne7 21. d4
Ng6 22. dxe5 Nxe5 23. Nxe5 dxe5 24. c4 c6 25. Bxa5 cxd5 26. cxd5 Rec8 27. Qe4
Bd4 28. Qf3 Rc5 29. Bd2 Rb6 30. Be3 Rc3 31. Ba2 Rxb1 32. Bxb1 Bxe3 33. fxe3 Bd3
34. Bxd3 Rxd3 35. Ra1 Qa7 36. a5 Rxe3 37. Qf2 Qd4 38. Rb1 f6 39. d6 Kf7 40. d7
Ke7 41. Rb8 Kxd7 42. Qf5+ Ke7 43. Rb7+ Kd8 44. Kh2 Qd6 45. Rb6 Qd7 46. Qb1 Qd4
47. Rb8+ Ke7 48. Qb7+ Ke6 49. Qc8+ Kd5 50. Rb5+ Ke4 51. Rb4 Qxb4 52. Qg4+ Kd3
53. Qxb4 Kc2 54. a6 Rb3 55. Qe4+ Kc1 56. Qc4+ Kb2 57. a7 Ra3 58. Qb4+ Ka2 59.
Qxa3+ Kxa3 60. a8=Q+ Kb4 61. Qb7+ Kc4 62. Qxg7 Kd4 63. Qxf6 h5 64. Kg3 Kd5 65.
Kf3 e4+ 66. Ke3 1-0

[Event "4MCR_3DW_1L_3S"]
[Site "CR"]
[Date "2011.??.??"]
[Round "?"]
[White "Jirku, Jaroslav"]
[Black "Glaser, Karel"]
[Result "1-0"]
[WhiteElo "2321"]
[BlackElo "2222"]
[Annotator "076"]
[PlyCount "87"]
[EventDate "2011.??.??"]
[EventType "corr"]

1. e4 e5 2. Nf3 Nc6 3. Bb5 a6 4. Ba4 Nf6 5. O-O Be7 6. Re1 b5 7. Bb3 O-O 8. c3
d6 9. h3 Na5 10. Bc2 c5 11. d4 exd4 12. cxd4 Bb7 13. d5 Nd7 14. Nbd2 Re8 15.
Rb1 Bf6 16. b3 Qc7 17. Nf1 Ne5 18. Bf4 Ng6 19. Bh2 Bc8 20. Re3 Nb7 21. Ng3 b4
22. Bd3 Nf4 23. Bf1 g6 24. Nh1 Be5 25. Nxe5 dxe5 26. f3 Nd6 27. Nf2 Bd7 28.
Bxf4 exf4 29. Re1 Nb5 30. Qd2 Nc3 31. Rbc1 Qd6 32. Bc4 Bb5 33. Nd3 f6 34. Qxf4
Qxf4 35. Nxf4 Bxc4 36. bxc4 Kf7 37. Rc2 Ke7 38. Nd3 Rac8 39. a3 a5 40. Ra1 h5
41. axb4 axb4 42. Ra7+ Kd6 43. Ra6+ Ke7 44. Kf2 1-0

[Event "4MCR_3DW_1L_3S"]
[Site "CR"]
[Date "2011.??.??"]
[Round "?"]
[White "Glaser, Karel"]
[Black "Jirku, Jaroslav"]
[Result "0-1"]
[WhiteElo "2222"]
[BlackElo "2321"]
[Annotator "077"]
[PlyCount "98"]
[EventDate "2011.??.??"]
[EventType "corr"]

1. e4 c5 2. Nf3 d6 3. d4 cxd4 4. Nxd4 Nf6 5. Nc3 a6 6. Be3 e5 7. Nb3 Be6 8. Be2
Be7 9. O-O Nbd7 10. f3 O-O 11. Nd5 Nxd5 12. exd5 Bf5 13. Qd2 Qc7 14. c4 Bg6 15.
Na5 f5 16. b4 Nf6 17. Bf2 Rac8 18. Rac1 Bf7 19. Rfd1 h6 20. a3 e4 21. Nb3 exf3
22. gxf3 Nh5 23. Be3 Bh4 24. Bd3 f4 25. Bd4 Qd7 26. Qg2 Rfe8 27. Ba1 Bf6 28.
Nd4 b5 29. Qg4 Qb7 30. c5 dxc5 31. d6 cxd4 32. d7 Rxc1 33. dxe8=Q+ Bxe8 34.
Rxc1 Qe7 35. Be4 d3 36. Bd5+ Kf8 37. Qe6 Qxe6 38. Bxe6 Ke7 39. Bf5 d2 40. Rd1
Bxa1 41. Rxa1 Bc6 42. Rd1 Bxf3 43. Rxd2 Nf6 44. Rf2 Bb7 45. Rxf4 Ne8 46. Rg4
Kf6 47. Bc2 g5 48. Rd4 Ke7 49. Rd8 Kxd8 0-1

[Event "4MCR_3DW_1L_3S"]
[Site "CR"]
[Date "2011.??.??"]
[Round "?"]
[White "Valak, Alois"]
[Black "Vanek, Vladimir"]
[Result "1-0"]
[WhiteElo "2421"]
[BlackElo "1918"]
[Annotator "078"]
[PlyCount "95"]
[EventDate "2011.??.??"]
[EventType "corr"]

1. e4 c5 2. Nf3 d6 3. d4 cxd4 4. Nxd4 Nf6 5. Nc3 a6 6. Be3 e6 7. f3 b5 8. Qd2
Nbd7 9. g4 h6 10. O-O-O Ne5 11. a3 Qc7 12. Kb1 Bd7 13. Be2 Rb8 14. h4 Qb7 15.
Qe1 g6 16. Bc1 Rc8 17. Rf1 Nc6 18. g5 hxg5 19. hxg5 Nxd4 20. Rxd4 Nh5 21. f4 a5
22. f5 b4 23. fxe6 Bxe6 24. axb4 Bg7 25. Rxd6 axb4 26. Bb5+ Ke7 27. Nd5+ Kxd6
28. Qxb4+ Rc5 29. Rd1 Qxb5 30. Nc3+ Kc6 31. Nxb5 Rxb5 32. Qa4 Bc3 33. Rd5 Bxd5
34. exd5+ Kd6 35. Qxb5 Bd4 36. Qc6+ Ke7 37. d6+ Ke6 38. d7+ Ke5 39. Qc7+ Ke6
40. d8=Q Rxd8 41. Qxd8 Bc5 42. Qc8+ Kd6 43. Qf8+ Ke6 44. Qxc5 Kd7 45. Qd5+ Ke8
46. Bd2 Ke7 47. Bb4+ Ke8 48. Qd6 1-0

[Event "4MCR_3DW_1L_3S"]
[Site "CR"]
[Date "2011.??.??"]
[Round "?"]
[White "Valak, Alois"]
[Black "Sykora, Josef"]
[Result "1-0"]
[WhiteElo "2421"]
[BlackElo "2299"]
[Annotator "079"]
[PlyCount "167"]
[EventDate "2011.??.??"]
[EventType "corr"]

1. e4 e5 2. Nf3 Nc6 3. Bb5 Nf6 4. O-O Nxe4 5. d4 Nd6 6. Bxc6 dxc6 7. dxe5 Nf5
8. Qxd8+ Kxd8 9. Nc3 Ke8 10. h3 Be6 11. g4 Ne7 12. Nd4 Bd7 13. f4 h5 14. f5
hxg4 15. hxg4 Rh4 16. Rf4 Nd5 17. Nxd5 cxd5 18. Bd2 Be7 19. Nf3 Rh6 20. Re1 Rc6
21. c3 Rb6 22. Bc1 g5 23. Rd4 Bc5 24. Kg2 Bxd4 25. cxd4 Rh6 26. Bxg5 Rh7 27.
Kg3 Kf8 28. e6 fxe6 29. fxe6 Bb5 30. Re5 Kg8 31. Bf6 Re8 32. Rg5+ Kf8 33. Rxd5
Bd3 34. Ne5 Be4 35. Nd7+ Rxd7 36. Rxd7 Rxe6 37. g5 Rc6 38. d5 Rc4 39. b3 Rc1
40. Kf4 Bb1 41. Ke5 Re1+ 42. Kd4 Rc1 43. a4 Ke8 44. Rg7 Kf8 45. Ke5 Re1+ 46.
Kf4 Rc1 47. d6 cxd6 48. Rxb7 a5 49. Be7+ Kg7 50. Bd8+ Kg6 51. Bxa5 Bc2 52. Bc3
Rf1+ 53. Ke3 Rd1 54. Bd2 Kxg5 55. a5 Ra1 56. b4 Ra3+ 57. Kd4+ Kf5 58. Bc3 Ke6
59. b5 Ra4+ 60. Ke3 Ra3 61. Rc7 Bb3 62. Kd4 Bd5 63. b6 Rb3 64. Rg7 Bf3 65. Rg6+
Kd7 66. Kc4 Rb1 67. Rg7+ Kc8 68. Bb4 Rd1 69. Rc7+ Kb8 70. Re7 Bg2 71. Kb3 Rb1+
72. Ka3 Rd1 73. Kb2 Bf1 74. Rd7 Kc8 75. b7+ Kb8 76. Bxd6+ Rxd6 77. Rxd6 Kxb7
78. Kb3 Be2 79. Rb6+ Ka7 80. Kb4 Bd3 81. Kc5 Be2 82. a6 Bd3 83. Rb7+ Kxa6 84.
Rb6+ 1-0